Calculus
Guardat en:
| Autors principals: | , |
|---|---|
| Format: | Llibre |
| Idioma: | espanyol |
| Publicat: |
Barcelona
Reverté
1999
|
| Edició: | 3a. ed |
| Matèries: | |
| Etiquetes: |
Afegir etiqueta
Sense etiquetes, Sigues el primer a etiquetar aquest registre!
|
MARC
| LEADER | 00000nam a2200000 a 4500 | ||
|---|---|---|---|
| 001 | UCL3105 | ||
| 003 | CL-VaPUC | ||
| 008 | 031114e19990000SP |||||||||||||||||spa|d | ||
| 020 | |a 8429151532 | ||
| 020 | |a 8429151540v.1 | ||
| 020 | |a 8429151559v.2 | ||
| 082 | 0 | 4 | |a 515 |b SAL |2 21 |
| 100 | 0 | |a Salas, Saturnino L |e author |9 480318 | |
| 700 | |a Hille, Einar |e author |9 549083 | ||
| 245 | 1 | 0 | |a Calculus |
| 250 | |a 3a. ed | ||
| 300 | |a v | ||
| 942 | |c BK | ||
| 945 | |d 20031114 00:00:00 |a cmena | ||
| 260 | |a Barcelona |b Reverté |c 1999 | ||
| 650 | 0 | |a Cálculo |9 260234 | |
| 650 | 0 | |a Funciones (Matemáticas) |9 338128 | |
| 650 | 0 | |a Geometría analítica |9 260062 | |
| 583 | |a last modification |c 20031114 00:00:00 |k Rodrigo Vera | ||
| 999 | |c 306236 |d 306234 | ||
| 952 | |0 0 |1 0 |4 0 |6 515_000000000000000_SAL_1999 |7 0 |8 A |9 371095 |a BIBMAT |b BIBMAT |d 2019-11-21 |h v.1 |i 3963608 |o 515 SAL 1999 |p 3963608 |r 2025-01-07 |w 2019-11-21 |y BK |k MAT | ||
| 952 | |0 0 |1 0 |4 0 |6 515_000000000000000_SAL_1999 |7 0 |8 A |9 371096 |a BIBMAT |b BIBMAT |d 2019-11-21 |h v.2 |i 3963616 |o 515 SAL 1999 |p 3963616 |r 2025-01-07 |w 2019-11-21 |y BK |k MAT | ||
| 952 | |0 0 |1 0 |4 0 |6 515_000000000000000_SAL_1999 |7 0 |8 A |9 371097 |a BIBMAT |b BIBMAT |d 2019-11-21 |h v.2 |i 3963624 |o 515 SAL 1999 |p 3963624 |r 2025-01-07 |w 2019-11-21 |y BK |k MAT | ||